书目信息 |
| 题名: |
海岛搏杀
|
|
| 作者: | 林静云 编著 | |
| 分册: | ||
| 出版信息: | 北京 中国言实出版社 2008 |
|
| 页数: | 467页 | |
| 开本: | 23cm | |
| 丛书名: | 二战纪实丛书 | |
| 单 册: | ||
| 中图分类: | K712.53 | |
| 科图分类: | ||
| 主题词: | 第二次世界大战(1939--1945)--美国--史料 | |
| 电子资源: | ||
| ISBN: | 978-7-80128-672-7 | |
| 000 | 01002oam2 2200253 450 | |
| 001 | 1231806149 | |
| 005 | 20121007085111.25 | |
| 010 | @a978-7-80128-672-7@dCNY68.00 | |
| 100 | @a20091012d2008 em y0chiy0110 ea | |
| 101 | 0 | @achi |
| 102 | @aCN@b110000 | |
| 105 | @aab z 000yd | |
| 200 | 1 | @a海岛搏杀@AHai Dao Bo Sha@e美国反法西斯著名战役纪实@EMei Guo Fan Fa Xi Si Zhu Ming Zhan Yi Ji Shi@f林静云编著@FLin Jing Yun Bian Zhu |
| 210 | @a北京@c中国言实出版社@d2008 | |
| 215 | @a467页@c地图,照片@d23cm | |
| 225 | 2 | @a二战纪实丛书 |
| 330 | @a本书分二十六章,内容包括美国远征欧亚概况;蓄谋已久的太平洋战争爆发;美国幻想破灭果断对日宣战;日本侵略西南太平洋诸岛国;莱特湾大海战;南北夹击胜利会师等。 | |
| 461 | 0 | @12001 @a二战纪实丛书 |
| 517 | 1 | @a美国反法西斯著名战役纪实@AMei Guo Fan Fa Xi Si Zhu Ming Zhan Yi Ji Shi |
| 606 | 0 | @a第二次世界大战(1939@x1945)@y美国@j史料 |
| 690 | @aK712.53@v4 | |
| 701 | 0 | @a林静云@ALin Jing Yun@4编著 |
| 801 | 0 | @aCN@bNLC@c20101222 |
| 905 | @a10447@dK712.53@eJY20 | |
| 海岛搏杀:美国反法西斯著名战役纪实/林静云编著.-北京:中国言实出版社,2008 |
| 467页:地图,照片;23cm.-(二战纪实丛书) |
| ISBN 978-7-80128-672-7:CNY68.00 |
| 本书分二十六章,内容包括美国远征欧亚概况;蓄谋已久的太平洋战争爆发;美国幻想破灭果断对日宣战;日本侵略西南太平洋诸岛国;莱特湾大海战;南北夹击胜利会师等。 |
| ● |
| 相关链接 |
|
|
|
|
正题名:海岛搏杀
索取号:K712.53/JY20
 
预约/预借
| 序号 | 登录号 | 条形码 | 馆藏地/架位号 | 状态 | 备注 |
| 1 | 7832485 | 278324859 | 学院路分馆/ [索取号:K712.53/JY20] | 在馆 | |
| 2 | 7832486 | 278324868 | 学院路分馆/ [索取号:K712.53/JY20] | 在馆 | |
| 3 | 7832487 | 278324877 | 学院路分馆/ [索取号:K712.53/JY20] | 在馆 | |
| 4 | 7832488 | 278324886 | 学院路分馆/ [索取号:K712.53/JY20] | 在馆 |